[Event "Landesklasse West 2012/2013"]
[Site "?"]
[Date "2013.03.24"]
[Round "8"]
[White "Wiefel, Erik"]
[Black "Volkert, Mario"]
[Result "1-0"]
[WhiteElo "1760"]
[BlackElo "1614"]
[PlyCount "49"]
[EventDate "2013.??.??"]
[WhiteTeam "Randspringer Bad Salzungen"]
[BlackTeam "SG Barchfeld/Breitungen"]

1. e4 e5 2. Nf3 Nc6 3. Bc4 Nf6 4. d4 exd4 5. e5 Bb4+ 6. c3 dxc3 7. bxc3 Qe7 8.
O-O Ne4 9. cxb4 Nxb4 10. Qb3 a5 11. Re1 Nc5 12. Qd1 Ne6 13. Nc3 c6 14. a3 Na6
15. Ne4 O-O 16. Nd6 b5 17. Bd3 Nac5 18. Bc2 Ba6 19. Nd4 h6 20. N4f5 Qd8 21. Qg4
g6 22. Nxh6+ Kg7 23. Nhxf7 Rxf7 24. Qxg6+ Kh8 25. Nxf7# 1-0

[Event "Landesklasse West 2012/2013"]
[Site "?"]
[Date "2013.03.24"]
[Round "8"]
[White "Rockstuhl, Reiner"]
[Black "Moise, Adrian"]
[Result "0-1"]
[WhiteElo "1775"]
[BlackElo "2169"]
[PlyCount "78"]
[EventDate "2013.??.??"]
[WhiteTeam "Schachclub 1998 Gotha"]
[BlackTeam "SV Ammern"]

1. e4 g6 2. d4 Bg7 3. Nf3 d6 4. Be2 a6 5. a4 b6 6. O-O Nf6 7. Nc3 O-O 8. e5 Ne8
9. Bf4 Bb7 10. Qd2 e6 11. Rfd1 Bxf3 12. Bxf3 d5 13. Ne2 Nd7 14. c3 f6 15. exf6
Ndxf6 16. Qe3 Qd7 17. Ng3 Nd6 18. Re1 Rae8 19. b3 Qf7 20. Qd2 Nd7 21. Bh6 Bxh6
22. Qxh6 e5 23. dxe5 Nxe5 24. Re3 Ng4 25. Qg5 Nxe3 26. fxe3 c6 27. c4 dxc4 28.
bxc4 Qxc4 29. Nh5 Qc3 30. Rd1 Nf5 31. e4 Qe3+ 32. Qxe3 Nxe3 33. Rd3 Nc4 34. Ng3
Ne5 35. Rb3 b5 36. axb5 axb5 37. Ne2 Rd8 38. h4 Rd2 39. Ng3 Rd3 0-1

[Event "Landesklasse West 2012/2013"]
[Site "?"]
[Date "2013.03.24"]
[Round "8"]
[White "Manger, Hans-Gerald"]
[Black "Dawydow, Alexej"]
[Result "1/2-1/2"]
[WhiteElo "1841"]
[BlackElo "1917"]
[PlyCount "29"]
[EventDate "2013.??.??"]
[WhiteTeam "Schachclub 1998 Gotha"]
[BlackTeam "SV Ammern"]

1. d4 d5 2. Nf3 c6 3. c4 e6 4. Nc3 Bd6 5. e3 f5 6. Bd3 Nd7 7. cxd5 cxd5 8. O-O
Ngf6 9. Nb5 Bb8 10. Bd2 a6 11. Nc3 Ne4 12. Rc1 O-O 13. Ne2 Bd6 14. Qb3 Qe7 15.
a3 1/2-1/2

[Event "Landesklasse West 2012/2013"]
[Site "?"]
[Date "2013.03.24"]
[Round "8"]
[White "Müller, Martin"]
[Black "Kurze, Christoph"]
[Result "0-1"]
[WhiteElo "1375"]
[BlackElo "1913"]
[PlyCount "66"]
[EventDate "2013.??.??"]
[WhiteTeam "Schachclub 1998 Gotha"]
[BlackTeam "SV Ammern"]

1. d4 Nf6 2. c4 e6 3. Nc3 Bb4 4. Qc2 c5 5. e3 Nc6 6. dxc5 Bxc5 7. a3 a5 8. Bd3
Ne5 9. Nge2 O-O 10. O-O h6 11. Ne4 Nxe4 12. Bxe4 f5 13. Qc3 Qc7 14. Bc2 Be7 15.
Nd4 Qxc4 16. Qd2 d5 17. b3 Qa6 18. Bb2 Bf6 19. Rab1 Qd6 20. Nb5 Qd7 21. Nd4 Nc6
22. Rfd1 Qe7 23. f4 Bd7 24. Nxc6 bxc6 25. Bxf6 Rxf6 26. b4 axb4 27. axb4 Rff8
28. Qd4 Rfe8 29. Qe5 Kf7 30. Bd3 Reb8 31. Qd4 Ra4 32. Qc5 Rbxb4 33. Qxe7+ Kxe7
0-1

[Event "Landesklasse West 2012/2013"]
[Site "?"]
[Date "2013.03.24"]
[Round "8"]
[White "Breuer, Harald"]
[Black "Langlotz, Tobias"]
[Result "1-0"]
[WhiteElo "1766"]
[BlackElo "1174"]
[PlyCount "65"]
[EventDate "2013.??.??"]
[WhiteTeam "SV Ammern"]
[BlackTeam "Schachclub 1998 Gotha"]

1. e4 b6 2. d4 e6 3. Bd3 Bb7 4. Nc3 Nf6 5. Bg5 Be7 6. Nf3 d5 7. e5 Ne4 8. Bxe7
Qxe7 9. O-O Qb4 10. Qe1 Nxc3 11. bxc3 Qe7 12. Qe3 Nd7 13. Rfe1 c5 14. c4 cxd4
15. Nxd4 Nc5 16. Nb5 O-O 17. Nd6 Nxd3 18. cxd3 dxc4 19. Nxc4 Rac8 20. Nd6 Rc7
21. Rac1 Rd7 22. Rc2 Bd5 23. Rec1 Ra8 24. f4 f5 25. Qd4 g6 26. g3 Kg7 27. Qa4
h6 28. Rc8 g5 29. Rxa8 Bxa8 30. Rc8 Rd8 31. Rxd8 Qxd8 32. Qxa7+ Kh8 33. Nf7+
1-0

[Event "Landesklasse West 2012/2013"]
[Site "?"]
[Date "2013.03.24"]
[Round "8"]
[White "Recknagel, Michael"]
[Black "Klaus, Christian"]
[Result "1/2-1/2"]
[WhiteElo "2179"]
[BlackElo "1998"]
[PlyCount "56"]
[EventDate "2013.??.??"]
[WhiteTeam "SC Suhl"]
[BlackTeam "SV Breitenworbis"]

1. e4 g6 2. g3 Bg7 3. Bg2 d6 4. Ne2 e5 5. d3 Ne7 6. Be3 O-O 7. Nbc3 Nbc6 8. Qd2
Nd4 9. O-O Bh3 10. f3 Bxg2 11. Kxg2 f5 12. Nd1 d5 13. c3 Ne6 14. Nf2 c5 15. Nh3
d4 16. Bf2 Qa5 17. Qc2 dxc3 18. bxc3 Qa3 19. Be3 Rad8 20. Rfd1 Rd6 21. Rab1 b6
22. Rdc1 Rfd8 23. Nf2 Nc6 24. Rb3 Qa4 25. Qb2 Na5 26. Ra3 Qd7 27. c4 Nc6 28.
Nc3 f4 1/2-1/2

[Event "Landesklasse West 2012/2013"]
[Site "?"]
[Date "2013.03.24"]
[Round "8"]
[White "Berghof, Axel"]
[Black "Bötticher, Heinz-Wilfried"]
[Result "1-0"]
[WhiteElo "1997"]
[BlackElo "1800"]
[PlyCount "47"]
[EventDate "2013.??.??"]
[WhiteTeam "SC Suhl"]
[BlackTeam "SV Breitenworbis"]

1. e4 c5 2. b4 cxb4 3. a3 d5 4. e5 Nc6 5. d4 Qb6 6. Nf3 Bg4 7. Be3 Nh6 8. axb4
Qxb4+ 9. c3 Qb2 10. Ra3 Bxf3 11. gxf3 Nf5 12. Rb3 Nxe3 13. fxe3 Qa2 14. Rxb7
O-O-O 15. Rb3 e6 16. Nd2 Be7 17. Bb5 Bh4+ 18. Ke2 Na5 19. Rb1 Nc4 20. Bxc4 dxc4
21. Ra1 Qb2 22. Qa4 Rd7 23. Rhb1 Qxc3 24. Ra3 1-0

[Event "Landesklasse West 2012/2013"]
[Site "?"]
[Date "2013.03.24"]
[Round "8"]
[White "Leibeling, Lucian"]
[Black "Koch, Stefan"]
[Result "1/2-1/2"]
[WhiteElo "1851"]
[BlackElo "1868"]
[PlyCount "39"]
[EventDate "2013.??.??"]
[WhiteTeam "SV Breitenworbis"]
[BlackTeam "SC Suhl"]

1. c4 e5 2. Nc3 Nc6 3. d3 d6 4. e4 f5 5. g3 Nf6 6. Bg2 fxe4 7. Nxe4 Bf5 8. Ne2
Nxe4 9. dxe4 Be6 10. b3 Qd7 11. h3 Be7 12. Be3 O-O 13. Nc3 a5 14. Qd2 a4 15.
Rd1 axb3 16. axb3 Nd4 17. Bxd4 exd4 18. Nd5 Bxd5 19. exd5 Bf6 20. O-O 1/2-1/2

[Event "Landesklasse West 2012/2013"]
[Site "?"]
[Date "2013.03.24"]
[Round "8"]
[White "Fuhrmann, Christian"]
[Black "Petiko, Nikolai"]
[Result "1-0"]
[WhiteElo "1797"]
[BlackElo "1957"]
[PlyCount "129"]
[EventDate "2013.??.??"]
[WhiteTeam "SC Suhl"]
[BlackTeam "SV Breitenworbis"]

1. d4 d6 2. c4 Nf6 3. Nc3 Nbd7 4. e4 e5 5. d5 Be7 6. Be3 O-O 7. Bd3 c6 8. f3
Nh5 9. Nge2 Bh4+ 10. g3 Bg5 11. Qd2 Bxe3 12. Qxe3 Nc5 13. O-O-O cxd5 14. Nxd5
Nf6 15. Nxf6+ Qxf6 16. Bc2 Qe6 17. b3 a5 18. Nc3 Ra6 19. Nb5 Qe7 20. Rd2 Ne6
21. Rhd1 Rd8 22. f4 exf4 23. gxf4 Qf6 24. e5 dxe5 25. Rxd8+ Nxd8 26. Qxe5 Ne6
27. Qxf6 gxf6 28. f5 Nf8 29. Rd8 Bd7 30. Nc7 Rc6 31. Nd5 Kg7 32. Kb2 Rc8 33.
Rxc8 Bxc8 34. Kc3 Bd7 35. a3 Bc6 36. Kd4 Nd7 37. b4 axb4 38. axb4 Kf8 39. b5
Bxd5 40. Kxd5 Ke7 41. c5 Ne5 42. Be4 Kd7 43. Kd4 Kc7 44. b6+ Kc8 45. Bd5 Kb8
46. Kc3 Kc8 47. Kb4 Kb8 48. Kb5 Kc8 49. c6 Kb8 50. Kc5 bxc6 51. Bxc6 Ng4 52. h4
Ne3 53. Be4 Ng4 54. Kd6 Nf2 55. Bd5 Nd3 56. Ke7 Nf4 57. Bc6 Nd3 58. Kxf6 Nb4
59. Be4 Na6 60. Kxf7 Nc5 61. Bc6 Nd3 62. Kg7 Ne5 63. Bd5 Nd7 64. b7 h5 65. f6
1-0

[Event "Landesklasse West 2012/2013"]
[Site "?"]
[Date "2013.03.24"]
[Round "8"]
[White "Biel, Peter"]
[Black "Will, Ralph"]
[Result "0-1"]
[WhiteElo "1665"]
[BlackElo "1747"]
[PlyCount "44"]
[EventDate "2013.??.??"]
[WhiteTeam "SV Breitenworbis"]
[BlackTeam "SC Suhl"]

1. e4 c5 2. Nf3 Nc6 3. d4 cxd4 4. Nxd4 d6 5. Nc3 Bd7 6. Be3 g6 7. Bc4 Nf6 8.
O-O Bg7 9. Qd2 O-O 10. Rad1 a6 11. Nxc6 Bxc6 12. f3 Rc8 13. Bb3 b5 14. Qf2 Nd7
15. Bd4 Bxd4 16. Rxd4 Re8 17. Re1 Qb6 18. Bd5 Ne5 19. f4 Ng4 20. Qd2 e5 21.
fxe5 dxe5 22. Bxc6 Rxc6 0-1

[Event "Landesklasse West 2012/2013"]
[Site "?"]
[Date "2013.03.24"]
[Round "8"]
[White "Vergin, Marcel"]
[Black "v.d. Weth-v. Nordheim, Petra"]
[Result "0-1"]
[WhiteElo "1543"]
[BlackElo "1855"]
[PlyCount "62"]
[EventDate "2013.??.??"]
[WhiteTeam "SV Breitenworbis"]
[BlackTeam "SC Suhl"]

1. d4 d5 2. e3 g6 3. Bd3 Bg7 4. f4 b6 5. Nd2 Bb7 6. Ngf3 Nf6 7. O-O O-O 8. c3
Nbd7 9. Qc2 c5 10. b3 Rc8 11. Bb2 e6 12. h3 cxd4 13. exd4 Nh5 14. Ne5 Bh6 15.
Bb5 Ndf6 16. Ba3 Bxf4 17. Bxf8 Kxf8 18. Ng4 Nxg4 19. hxg4 Be3+ 20. Rf2 Bxf2+
21. Kxf2 Qh4+ 22. Kg1 Qxg4 23. Nf3 Nf6 24. Rf1 Rc7 25. Qb2 Kg7 26. Qa3 Qg3 27.
c4 dxc4 28. Bxc4 Ng4 29. Qb2 Bxf3 30. Rxf3 Qh2+ 31. Kf1 Qh1+ 0-1

[Event "Landesklasse West 2012/2013"]
[Site "?"]
[Date "2013.03.24"]
[Round "8"]
[White "Messerschmidt, Nick"]
[Black "Klingler, Lutz"]
[Result "1-0"]
[WhiteElo "1903"]
[BlackElo "1962"]
[PlyCount "93"]
[EventDate "2013.??.??"]
[WhiteTeam "SG Trusetal 92"]
[BlackTeam "SV Schmalkalden 04"]

1. d4 g6 2. e4 Bg7 3. Nc3 d6 4. Be3 a6 5. Qd2 Nd7 6. Nf3 h6 7. Bd3 e5 8. O-O-O
Ne7 9. Rhe1 Nc6 10. Bc4 exd4 11. Nxd4 Nxd4 12. Bxd4 Bxd4 13. Qxd4 O-O 14. Nd5
b5 15. Bb3 Bb7 16. Re3 Bxd5 17. Bxd5 Rb8 18. Rg3 Kh7 19. Qe3 Qf6 20. Rf3 Qg7
21. Qa7 Ne5 22. Rc3 Nc4 23. Rb3 Na5 24. Rf3 Nc4 25. Bxc4 bxc4 26. c3 f6 27.
Qxa6 Qf7 28. Rd4 Qe7 29. Qxc4 Rb7 30. a4 Kg7 31. a5 Ra8 32. b4 Qd7 33. Rd2 c5
34. bxc5 Rxa5 35. c6 Qc7 36. Rfd3 Ra1+ 37. Kc2 Rba7 38. Rd5 R7a2+ 39. Kd3 Rxd2+
40. Kxd2 Qb6 41. Ke2 Rc1 42. Rxd6 Rc2+ 43. Kd3 Rxf2 44. Rd7+ Kh8 45. Rb7 Qd8+
46. Qd4 Qa8 47. Qxf2 1-0

[Event "Landesklasse West 2012/2013"]
[Site "?"]
[Date "2013.03.24"]
[Round "8"]
[White "Bamberg, Alexander"]
[Black "Messerschmidt, Daniel"]
[Result "0-1"]
[WhiteElo "1855"]
[BlackElo "1784"]
[PlyCount "66"]
[EventDate "2013.??.??"]
[WhiteTeam "SV Schmalkalden 04"]
[BlackTeam "SG Trusetal 92"]

1. e4 c5 2. Nf3 Nc6 3. g3 d6 4. Bg2 Nf6 5. d3 g6 6. c3 Bg7 7. O-O O-O 8. Be3
Bg4 9. h3 Bd7 10. Nbd2 Rc8 11. Nb3 c4 12. Nbd4 cxd3 13. Qxd3 a6 14. Rfe1 Qc7
15. Rad1 Rfd8 16. a3 Ne5 17. Qc2 Nc4 18. Nd2 Nxe3 19. Rxe3 Ng4 20. Rd3 Qb6 21.
N2f3 Ne5 22. Nxe5 Bxe5 23. Nf3 Bxg3 24. Qd2 Bb5 25. Rd4 e5 26. Rxd6 Rxd6 27.
Qxd6 Qxf2+ 28. Kh1 Be2 29. Rd2 Qe3 30. Qd7 Bxf3 31. Bxf3 Qxf3+ 32. Rg2 Rf8 33.
Qxb7 Qf1+ 0-1

[Event "Landesklasse West 2012/2013"]
[Site "?"]
[Date "2013.03.24"]
[Round "8"]
[White "Willner, Holger"]
[Black "Lesser, Thomas"]
[Result "1/2-1/2"]
[WhiteElo "1807"]
[BlackElo "1845"]
[PlyCount "80"]
[EventDate "2013.??.??"]
[WhiteTeam "SG Trusetal 92"]
[BlackTeam "SV Schmalkalden 04"]

1. e4 e5 2. Nf3 Nc6 3. Bc4 Bc5 4. c3 Nf6 5. d3 d6 6. b4 Bb6 7. a4 a6 8. Bg5 h6
9. Bh4 g5 10. Bg3 Be6 11. Nbd2 Qd7 12. Qe2 O-O 13. Bb3 Bxb3 14. Nxb3 Rfe8 15.
Qd2 Kg7 16. Nxg5 d5 17. Nf3 dxe4 18. dxe4 Qg4 19. O-O-O Nxe4 20. Qc2 Nxg3 21.
hxg3 f6 22. Rh4 Qg6 23. Qe2 Rad8 24. Nfd2 Qf5 25. Rdh1 Rh8 26. Rg4+ Kh7 27. Ne4
Rhg8 28. Rgh4 Rg6 29. Nbc5 Bxc5 30. bxc5 Kg7 31. Qe3 Rh8 32. f3 Ne7 33. c4 Qe6
34. Qc3 Nf5 35. R4h3 Rd8 36. g4 Nd4 37. Ng3 Qd7 38. Kb2 b5 39. cxb6 cxb6 40.
Nh5+ Kf7 1/2-1/2

[Event "Landesklasse West 2012/2013"]
[Site "?"]
[Date "2013.03.24"]
[Round "8"]
[White "Burkhardt, Christian"]
[Black "Voigt, Uwe"]
[Result "1/2-1/2"]
[WhiteElo "1717"]
[BlackElo "1514"]
[PlyCount "41"]
[EventDate "2013.??.??"]
[WhiteTeam "SV Schmalkalden 04"]
[BlackTeam "SG Trusetal 92"]

1. d4 d5 2. c4 c6 3. Nf3 Nf6 4. e3 g6 5. Nc3 Bg7 6. Bd3 O-O 7. h3 Nbd7 8. b3
Qc7 9. Bb2 e5 10. dxe5 Nxe5 11. Nxe5 Qxe5 12. O-O dxc4 13. Bxc4 Be6 14. Na4 Qf5
15. Bxe6 Qxe6 16. Qc2 Rfd8 17. Rad1 Qe7 18. Nc3 Ne8 19. Ne2 Bxb2 20. Qxb2 Rxd1
21. Rxd1 1/2-1/2

[Event "Landesklasse West 2012/2013"]
[Site "?"]
[Date "2013.03.24"]
[Round "8"]
[White "Hepp, Ingolf"]
[Black "Weigend, Joachim"]
[Result "0-1"]
[WhiteElo "1477"]
[BlackElo "1777"]
[PlyCount "57"]
[EventDate "2013.??.??"]
[WhiteTeam "SG Trusetal 92"]
[BlackTeam "SV Schmalkalden 04"]

1. e4 c5 2. c3 d5 3. exd5 Qxd5 4. d4 cxd4 5. cxd4 Nc6 6. Nf3 e6 7. a3 Nf6 8.
Nc3 Qd8 9. Bc4 Be7 10. O-O O-O 11. d5 exd5 12. Nxd5 Bg4 13. Nxe7+ Qxe7 14. h3
Rad8 15. Qb3 Na5 16. Qb5 Nxc4 17. Qxc4 Bxf3 18. gxf3 Rd5 19. Kh2 Qd7 20. Rg1
Rc8 21. Qf1 Rh5 22. Qg2 g6 23. Bg5 Qd6+ 24. Qg3 Qb6 25. Bxf6 Qxf6 26. Rab1 Rf5
27. Qg4 Rc2 28. Rg2 Rxf3 29. h4 0-1

[Event "Landesklasse West 2012/2013"]
[Site "?"]
[Date "2013.03.24"]
[Round "8"]
[White "Röder, Detlef"]
[Black "Pastowski, Lukas"]
[Result "1-0"]
[WhiteElo "1629"]
[BlackElo "1177"]
[PlyCount "27"]
[EventDate "2013.??.??"]
[WhiteTeam "SV Schmalkalden 04"]
[BlackTeam "SG Trusetal 92"]

1. e4 e5 2. Nf3 Nc6 3. Bc4 Nf6 4. Ng5 d5 5. exd5 Nxd5 6. Nxf7 Kxf7 7. Qf3+ Ke6
8. Nc3 Ncb4 9. a3 b5 10. Bb3 Nxc2+ 11. Bxc2 c6 12. Qf5+ Kd6 13. Ne4+ Kc7 14.
Qxe5+ 1-0

[Event "Landesklasse West 2012/2013"]
[Site "?"]
[Date "2013.04.21"]
[Round "9"]
[White "Wegerich, Michael"]
[Black "Recknagel, Michael"]
[Result "1/2-1/2"]
[WhiteElo "2040"]
[BlackElo "2179"]
[PlyCount "43"]
[EventDate "2013.??.??"]
[WhiteTeam "SV Ammern"]
[BlackTeam "SC Suhl"]

1. c4 Nf6 2. Nc3 c5 3. Nf3 g6 4. g3 Bg7 5. Bg2 O-O 6. O-O d6 7. d4 Nbd7 8. h3
Rb8 9. Be3 b6 10. Qd2 Bb7 11. Rac1 a6 12. Rfd1 Qc7 13. d5 b5 14. cxb5 Nb6 15.
b3 axb5 16. Nxb5 Qd7 17. Nc3 Ra8 18. Bh6 Nbxd5 19. Bxg7 Kxg7 20. Nxd5 Bxd5 21.
Qb2 Qb7 22. Rxd5 1/2-1/2

[Event "Landesklasse West 2012/2013"]
[Site "?"]
[Date "2013.04.21"]
[Round "9"]
[White "Silberschlag, Jörg"]
[Black "Dawydow, Alexej"]
[Result "1-0"]
[WhiteElo "2111"]
[BlackElo "1917"]
[PlyCount "111"]
[EventDate "2013.??.??"]
[WhiteTeam "SC Suhl"]
[BlackTeam "SV Ammern"]

1. e4 e5 2. Nf3 Nc6 3. c3 Nf6 4. d4 d6 5. Bd3 Bg4 6. d5 Ne7 7. h3 Bh5 8. Nbd2
h6 9. Nf1 Bg6 10. Ng3 Bh7 11. Be3 g5 12. Qb3 Nexd5 13. Qb5+ c6 14. Qxb7 Qc8 15.
Ba6 Nxe3 16. fxe3 Qxb7 17. Bxb7 Rb8 18. Bxc6+ Kd8 19. O-O-O Kc7 20. Bd5 Nxd5
21. Rxd5 f6 22. Kb1 Bg8 23. Rd2 Rh7 24. Nh5 Be7 25. Rf1 Bc4 26. Rfd1 Rb6 27.
Ne1 Rf7 28. Ng3 Bf8 29. Nc2 a5 30. Rf2 Be6 31. Ka1 Bc4 32. Nh5 Be7 33. g4 Kc6
34. Na3 Ba6 35. Rd5 a4 36. Rfd2 Rf8 37. Ra5 Rd8 38. Ng3 Bf8 39. Rxa4 d5 40.
exd5+ Rxd5 41. Rxd5 Kxd5 42. e4+ Ke6 43. Nc4 Rc6 44. Ne3 Bc5 45. Nd5 Bf2 46.
Rxa6 Rxa6 47. Nc7+ Kd6 48. Nxa6 Bxg3 49. Kb1 f5 50. exf5 e4 51. Kc2 Ke5 52. Kd2
Bf4+ 53. Ke2 Bc1 54. b4 Bb2 55. b5 Kd5 56. c4+ 1-0

[Event "Landesklasse West 2012/2013"]
[Site "?"]
[Date "2013.04.21"]
[Round "9"]
[White "Kampfhenkel, Ulrich"]
[Black "Feld-Gerdes, Wolfgang"]
[Result "0-1"]
[WhiteElo "1986"]
[BlackElo "2009"]
[PlyCount "66"]
[EventDate "2013.??.??"]
[WhiteTeam "SV Ammern"]
[BlackTeam "SC Suhl"]

1. e4 c5 2. Nf3 g6 3. d4 cxd4 4. Nxd4 Nc6 5. Nc3 Bg7 6. Be3 Nf6 7. Nxc6 bxc6 8.
e5 Ng8 9. f4 Nh6 10. Be2 O-O 11. O-O d6 12. Bf3 Ba6 13. Re1 Qc7 14. exd6 exd6
15. Bd4 Nf5 16. Bxg7 Kxg7 17. Kh1 d5 18. Bg4 Qxf4 19. Bxf5 Qxf5 20. Qd4+ Qf6
21. Qa4 Bc4 22. Qa5 Rfe8 23. Qc5 Qh4 24. Red1 Re6 25. b3 Ba6 26. Qd4+ Qf6 27.
Qxf6+ Rxf6 28. Kg1 Re8 29. Re1 Rfe6 30. Kf2 d4 31. Na4 Re2+ 32. Rxe2 Rxe2+ 33.
Kf3 Rxc2 0-1

[Event "Landesklasse West 2012/2013"]
[Site "?"]
[Date "2013.04.21"]
[Round "9"]
[White "Berghof, Axel"]
[Black "Kurze, Christoph"]
[Result "1/2-1/2"]
[WhiteElo "1997"]
[BlackElo "1913"]
[PlyCount "114"]
[EventDate "2013.??.??"]
[WhiteTeam "SC Suhl"]
[BlackTeam "SV Ammern"]

1. e4 c5 2. b4 cxb4 3. a3 e6 4. axb4 Bxb4 5. c3 Be7 6. d4 Nf6 7. Bd3 Qc7 8. Ne2
d6 9. O-O Bd7 10. f4 Bc6 11. Qc2 e5 12. Na3 a6 13. Nc4 Bxe4 14. fxe5 Qxc4 15.
Bxe4 Nxe4 16. Qxe4 dxe5 17. Qxe5 f6 18. Qe3 Kf7 19. Rb1 b5 20. Qf3 Ra7 21. Nf4
Rd8 22. Bd2 Bd6 23. Nh5 Kg8 24. Rbe1 Rf7 25. Qg4 Kh8 26. Rf3 Nd7 27. Rfe3 Nb6
28. Qh3 Nd5 29. Re8+ Rf8 30. Rxf8+ Rxf8 31. Qd7 Qc7 32. Qh3 Kg8 33. Qe6+ Qf7
34. Qxd6 Rc8 35. Qe6 Ra8 36. Qxf7+ Kxf7 37. Nf4 Ne7 38. Ra1 a5 39. Nd3 a4 40.
Bc1 Nd5 41. Bd2 a3 42. Bc1 Nxc3 43. Rxa3 Rxa3 44. Bxa3 Ne2+ 45. Kf2 Nxd4 46.
Ke3 Nf5+ 47. Kf4 Kg6 48. g3 Nd4 49. Ke3 Ne6 50. h3 Kf5 51. Bd6 Ng5 52. Nf2 Ne6
53. Ne4 Nd8 54. Nc3 Nf7 55. Nxb5 Ng5 56. Nd4+ Kg6 57. h4 Nf7 1/2-1/2

[Event "Landesklasse West 2012/2013"]
[Site "?"]
[Date "2013.04.21"]
[Round "9"]
[White "Schorch, Rüdiger"]
[Black "Koch, Stefan"]
[Result "1-0"]
[WhiteElo "1881"]
[BlackElo "1899"]
[PlyCount "105"]
[EventDate "2013.??.??"]
[WhiteTeam "SV Ammern"]
[BlackTeam "SC Suhl"]

1. c4 c5 2. Nf3 Nc6 3. d4 cxd4 4. Nxd4 g6 5. Nc3 Bg7 6. Nc2 d6 7. e4 Nf6 8. Be2
O-O 9. O-O b6 10. Ne3 Bb7 11. Ned5 Re8 12. Bg5 Nxd5 13. cxd5 Nd4 14. Bd3 h6 15.
Be3 a6 16. Qa4 b5 17. Qd1 b4 18. Na4 Kh7 19. Rc1 Rc8 20. Rxc8 Bxc8 21. Qd2 a5
22. b3 Bd7 23. Rc1 Bxa4 24. bxa4 e5 25. dxe6 fxe6 26. Bb5 Nxb5 27. axb5 Bc3 28.
Qd3 d5 29. Rd1 a4 30. a3 Bb2 31. axb4 a3 32. Bc1 Qf6 33. Bxb2 axb2 34. b6 Rb8
35. Qc2 Qe7 36. Qxb2 Rxb6 37. exd5 exd5 38. Qd4 Rxb4 39. Qxd5 Rb7 40. h3 Qc7
41. Qe6 Qg7 42. h4 Re7 43. Qd5 h5 44. f4 Qf6 45. Qg5 Qb6+ 46. Kh1 Qe6 47. f5
gxf5 48. Qxh5+ Kg7 49. Rd3 Qe5 50. Rf3 Ra7 51. Qg5+ Kh8 52. Rg3 Qe6 53. h5 1-0

[Event "Landesklasse West 2012/2013"]
[Site "?"]
[Date "2013.04.21"]
[Round "9"]
[White "Fuhrmann, Christian"]
[Black "Salaske, Peter"]
[Result "1/2-1/2"]
[WhiteElo "1797"]
[BlackElo "1837"]
[PlyCount "67"]
[EventDate "2013.??.??"]
[WhiteTeam "SC Suhl"]
[BlackTeam "SV Ammern"]

1. d4 g6 2. e4 Bg7 3. c4 d6 4. Nc3 c6 5. Be3 Nf6 6. f3 Qc7 7. Qd2 h5 8. Bd3
Nbd7 9. Nge2 e5 10. d5 Nb6 11. b4 cxd5 12. Nb5 Qd8 13. cxd5 a6 14. Nbc3 Bd7 15.
O-O O-O 16. b5 axb5 17. Nxb5 Nc8 18. Nec3 Qa5 19. Rfb1 Ne8 20. Rb3 Qd8 21. Rc1
f5 22. exf5 gxf5 23. Bg5 Bf6 24. Bxf6 Qxf6 25. Qf2 Rf7 26. Nd1 Rg7 27. Nbc3 b6
28. Bb5 Bxb5 29. Nxb5 Qg5 30. Rbc3 Ne7 31. Nc7 Nxc7 32. Rxc7 Nxd5 33. Rxg7+
Kxg7 34. Rb1 1/2-1/2

[Event "Landesklasse West 2012/2013"]
[Site "?"]
[Date "2013.04.21"]
[Round "9"]
[White "Breuer, Harald"]
[Black "Will, Ralph"]
[Result "1/2-1/2"]
[WhiteElo "1766"]
[BlackElo "1747"]
[PlyCount "48"]
[EventDate "2013.??.??"]
[WhiteTeam "SV Ammern"]
[BlackTeam "SC Suhl"]

1. e4 c5 2. c3 d6 3. d4 cxd4 4. cxd4 Nf6 5. Nc3 g6 6. Bg5 Bg7 7. Qd2 O-O 8. Bh6
Bxh6 9. Qxh6 Qb6 10. Qd2 Nc6 11. Rd1 Bd7 12. Nf3 Rad8 13. Be2 Qa5 14. O-O a6
15. a3 Bg4 16. h3 Bc8 17. Qh6 Qh5 18. Qxh5 Nxh5 19. Nd5 e6 20. Nb6 Nf4 21. Rfe1
d5 22. e5 Rfe8 23. Bf1 Nb8 24. Rc1 Nd7 1/2-1/2

[Event "Landesklasse West 2012/2013"]
[Site "?"]
[Date "2013.04.21"]
[Round "9"]
[White "Müller, Bernd"]
[Black "Dawydow, Julius"]
[Result "1/2-1/2"]
[WhiteElo "1720"]
[BlackElo "1427"]
[PlyCount "83"]
[EventDate "2013.??.??"]
[WhiteTeam "SC Suhl"]
[BlackTeam "SV Ammern"]

1. e4 e6 2. Nf3 d5 3. e5 c5 4. b4 cxb4 5. a3 Nc6 6. axb4 Bxb4 7. c3 Be7 8. d4
f6 9. Bd3 Qc7 10. Bf4 fxe5 11. Nxe5 Nf6 12. Ng6 e5 13. Nxe5 Bd6 14. O-O O-O 15.
Na3 a6 16. Nb5 axb5 17. Rxa8 Nxe5 18. dxe5 Bxe5 19. Bg3 Bxg3 20. fxg3 Qxc3 21.
Kh1 Qc6 22. Ra5 b4 23. h3 Qc7 24. Rb5 Qxg3 25. Qb3 Kh8 26. Bc2 Qd6 27. Qxb4
Qxb4 28. Rxb4 Kg8 29. Bb3 Rd8 30. Rd1 Kf8 31. Rdd4 Ke7 32. Rb6 Rd6 33. Rxd6
Kxd6 34. g4 h6 35. Kg2 b6 36. Ra4 Kc5 37. Ra7 Ne8 38. Ra8 Bd7 39. Rd8 Nf6 40.
h4 Bxg4 41. Kg3 Bd7 42. Kf4 1/2-1/2

[Event "Landesklasse West 2012/2013"]
[Site "?"]
[Date "2013.04.21"]
[Round "9"]
[White "Gast, Rainer"]
[Black "Geißhirt, Marco"]
[Result "0-1"]
[WhiteElo "1950"]
[BlackElo "1919"]
[PlyCount "118"]
[EventDate "2013.??.??"]
[WhiteTeam "SV Breitenworbis"]
[BlackTeam "SG Barchfeld/Breitungen"]

1. d4 d5 2. c4 c6 3. Nc3 Nf6 4. cxd5 Nxd5 5. Nf3 Qb6 6. e4 Nxc3 7. bxc3 g6 8.
Bc4 c5 9. O-O Bg7 10. Be3 O-O 11. Rc1 Nc6 12. h3 Na5 13. Be2 Qc6 14. d5 Qc7 15.
Qd2 Rd8 16. c4 b6 17. Qc2 f5 18. Bd3 f4 19. Bd2 Nb7 20. e5 Bxe5 21. Nxe5 Qxe5
22. Rfe1 Qg5 23. g3 Rf8 24. Re4 Bxh3 25. Bxf4 Qf6 26. Re5 Nd6 27. Rce1 Rf7 28.
Kh2 Bf5 29. Bxf5 Nxf5 30. Re6 Qg7 31. Qe4 Nd4 32. Re5 Raf8 33. Kg2 Nf5 34. Re2
g5 35. Be3 Qg6 36. Re1 Nxe3+ 37. Qxe3 Rxf2+ 38. Qxf2 Rxf2+ 39. Kxf2 Qc2+ 40.
R1e2 Qxc4 41. Rxg5+ Kf7 42. Rge5 Kf8 43. Rxe7 Qd4+ 44. R7e3 c4 45. Ke1 c3 46.
d6 c2 47. Re8+ Kf7 48. R8e7+ Kg6 49. Rxc2 Qxd6 50. Re3 h5 51. a3 a5 52. Rc4 Qf6
53. Rce4 Qa1+ 54. Kf2 Qb2+ 55. Kf3 b5 56. Re6+ Kf5 57. Rd6 Qa2 58. Rdd3 Qc4 59.
Rd1 Qg4+ 0-1

[Event "Landesklasse West 2012/2013"]
[Site "?"]
[Date "2013.04.21"]
[Round "9"]
[White "Kaiser, Andre"]
[Black "Bötticher, Heinz-Wilfried"]
[Result "1-0"]
[WhiteElo "1841"]
[BlackElo "1800"]
[PlyCount "53"]
[EventDate "2013.??.??"]
[WhiteTeam "SG Barchfeld/Breitungen"]
[BlackTeam "SV Breitenworbis"]

1. e4 c5 2. Nf3 Nc6 3. Bb5 e6 4. O-O Nge7 5. b3 Nd4 6. Nxd4 cxd4 7. c3 Qb6 8.
Bc4 d5 9. exd5 exd5 10. Be2 Nc6 11. cxd4 Nxd4 12. Nc3 Be6 13. Bg4 O-O-O 14. Na4
Qa6 15. Bb2 h5 16. Bxe6+ Nxe6 17. Qf3 Rd7 18. Rac1+ Kb8 19. Qf5 Bd6 20. Bxg7
Rg8 21. Bf6 Rg6 22. Rfe1 Rg8 23. g3 d4 24. Rxe6 fxe6 25. Qxe6 Rgd8 26. Bxd8
Rxd8 27. Qf6 1-0

[Event "Landesklasse West 2012/2013"]
[Site "?"]
[Date "2013.04.21"]
[Round "9"]
[White "Hermann, Ingo"]
[Black "Rommel, Uwe"]
[Result "1/2-1/2"]
[WhiteElo "1835"]
[BlackElo "1875"]
[PlyCount "52"]
[EventDate "2013.??.??"]
[WhiteTeam "SV Breitenworbis"]
[BlackTeam "SG Barchfeld/Breitungen"]

1. e4 c5 2. c3 Nf6 3. e5 Nd5 4. d4 cxd4 5. Qxd4 e6 6. Nf3 Nc6 7. Qe4 d6 8. Nbd2
dxe5 9. Nxe5 Nxe5 10. Qxe5 Bd7 11. Nc4 Bc6 12. Bg5 Qd7 13. Bh4 f6 14. Qh5+ Qf7
15. Qxf7+ Kxf7 16. Bg3 b6 17. Be2 Be7 18. Bf3 Rhd8 19. Rd1 Rac8 20. Ne3 Nxe3
21. fxe3 Bxf3 22. gxf3 Rxd1+ 23. Kxd1 Rd8+ 24. Ke2 b5 25. Rc1 Rc8 26. Rd1 Rd8
1/2-1/2